INORHANIC CHEMISTRY (Record no. 465655)

MARC details
000 -LEADER
fixed length control field 00367nam a2200145Ia 4500
008 - FIXED-LENGTH DATA ELEMENTS--GENERAL INFORMATION
fixed length control field 100204s9999 xx 000 0 und d
082 ## - DEWEY DECIMAL CLASSIFICATION NUMBER
Item number 20919
100 ## - MAIN ENTRY--PERSONAL NAME
Personal name GEHANI H.D. & PAREKH
245 ## - TITLE STATEMENT
Title INORHANIC CHEMISTRY
260 ## - PUBLICATION, DISTRIBUTION, ETC. (IMPRINT)
Name of publisher, distributor, etc "AAR SHRTH & CO, BOMBAY"
Date of publication, distribution, etc 1972 6
300 ## - PHYSICAL DESCRIPTION
Extent 546
630 ## - SUBJECT ADDED ENTRY--UNIFORM TITLE
Uniform title INORHANIC CHEMISTRY
730 ## - ADDED ENTRY--UNIFORM TITLE
Uniform title INORHANIC CHEMISTRY
942 ## - ADDED ENTRY ELEMENTS (KOHA)
Koha item type Book
Holdings
Withdrawn status Lost status Damaged status Not for loan Home library Current library Date acquired Cost, normal purchase price Total Checkouts Full call number Barcode Date last seen Cost, replacement price Price effective from Koha item type Public note
  Missing from bundle     N. C. Kelkar Sarvajanik Library, Mulund N. C. Kelkar Sarvajanik Library, Mulund 02/04/2010 12.00   20919 NCKMULUND-20919 02/04/2010 12.00 02/04/2010 Book 1)गहाळ